00444nam a22001577a 450000500170000001000150001702000110003203500140004303700090005708200080006610000290007424500640010326000420016727000550020930000220026420250728153315.0 aENG-146150 c395.00 aEN-129682 bDBAD a921 aGangopadhyay Bipul Kumar aRabindranath Tagore Among Saints/cBipul Kumar gangopadhyay aNew DelhibVitasta Publishing Pvt Ltd a4348/4C, Ansari Road, DaryaganjbNew Delhie110002 a163p.c21.5cm(pb)